| 000 | 02297nam0a2200301 i 4500 | ||
|---|---|---|---|
| 001 | RU\NLR\BIBL_A\010565148 | ||
| 005 | 20260419063951.0 | ||
| 021 |
_aRU _b14-79212 |
||
| 035 | _a(NLR Aleph) 010565148 | ||
| 090 |
_a10399753 _c10399753 |
||
| 100 | _a20141215d2013 u y0rusy50 ca | ||
| 101 | 0 | _arus | |
| 102 | _aRU | ||
| 105 | _aa|||z|||000yy | ||
| 200 | 1 |
_aЦиклы холодильных установок _eконспект лекций _eучебно-методическое пособие к разделу "Циклы холодильных установок" дисциплин "Техническая термодинамика" и "Теоретические основы теплотехники" для студентов, обучающихся по основным образовательным программам: 270100.62 "Строительство", 270109.65 "Теплогазоснабжение и вентиляция", 140100.62 "Теплоэнергетика", 140104.65 "Промышленная теплоэнергетика" _fМ-во образования и науки Рос. Федерации, Федер. гос. бюджет. образоват. учреждение высш. проф. образования "Ижев. гос. техн. ун-т им. М.Т. Калашникова" _g[сост. В.Н. Диденко] |
|
| 210 |
_aИжевск _cИжГТУ _d2013 |
||
| 215 |
_a19, [1] с. _cил. _f20 |
||
| 320 | _aБиблиогр. в конце кн. (7 назв.) | ||
| 606 |
_aХолодильные установки _jУчебно-методические пособия для высших учебных заведений _9960349 _3RU\NLR\AUTH\6639638 |
||
| 606 | 1 |
_aХолодильные циклы _jУчебно-методические пособия для высших учебных заведений _91912354 _3RU\NLR\AUTH\661160791 |
|
| 686 | 1 | _aЗ392я73-2 | |
| 702 | 1 |
_aДиденко _bВ. Н. _gВалерий Николаевич _4220 |
|
| 712 | 0 | 2 |
_4570 _aИжевский государственный технический университет им. М. Т. Калашникова _3RU\NLR\AUTH\889953746 _9403502 |
| 942 | _cBOOK | ||
| 980 | _aNBR | ||